000 02059nam0a2200397 4500
001 RU\NLR\BIBL_A\022301202
005 20260420013432.0
010 _a978-5-91865-774-4
_950
021 _aRU
_bКН-П-24-038329
_9КН-П-24-3826
035 _a(NLR Aleph) 022301202
090 _a13662923
_c13662923
100 _a20240816d2024 u y0rusy50 ca
101 0 _arus
102 _aRU
105 _aа z 000аy
181 0 _ai
_baxxe
182 0 _an
200 1 _aПушкин. Лермонтов. Невольники дерзновенного духа
_eизбранное. Публицистика, эссе
_fНаталья Морсова
_g[редактор Евгений Степанов]
203 _aТекст
_bвизуальный
_cнепосредственный
210 _aМосква
_cВест-Консалтинг
_d2024
215 _a129 с.
_cил.
_d20
300 _aНа 4-й с. обл. авт.: Морсова Н. Е. - педагог, канд. ист. наук
600 1 _aПушкин
_bА.С.
_f1799 - 1837
_gАлександр Сергеевич
_91155086
_3RU\NLR\AUTH\66143362
600 1 _aЛермонтов
_bМ.Ю.
_f1814 - 1841
_gМихаил Юрьевич
_9982734
_3RU\NLR\AUTH\66370134
686 2 _aШ5(2=Р)51-4Пушкин.я44
686 2 _aШ5(2=Р)51-4Лермонтов.я44
700 1 _aМорсова
_bН. Е.
_gНаталья Евгеньевна
702 1 _4340
_7ca
_8rus
_aСтепанов
_bЕ. В.
_cписатель, издатель
_f1964-
_gЕвгений Викторович
_923075
_3RU\NLR\AUTH\7740123
702 1 _4570
_7ca
_8rus
_aПушкин
_bА. С.
_cпоэт
_f1799-1837
_gАлександр Сергеевич
_9110441
_3RU\NLR\AUTH\77386
702 1 _4570
_7ca
_8rus
_aЛермонтов
_bМ. Ю.
_cпоэт
_f1814-1841
_gМихаил Юрьевич
_9110383
_3RU\NLR\AUTH\77328
942 _cBOOK
980 _aNB